Регионална библиотека "Любен Каравелов" - Русе

Мъдрост от вашите духовни водачи (Запис номер 494191)

MARC детайли
000 -Лидер
Лидер 01586nam a2200313 a 4500
003 - Код на организацията, давaща контролен номер
Код на организацията, даваща контролен номер BLK
005 - Дата и час на последна редакция
Дата и час на последна редакция 20241030130516.0
007 - Фиксирано поле за физическо описани
Физическо описание ta
008 - Елементи от данни с фиксирана дължина
Елементи с фиксирана дължина 230815b bu |||||r|||| 00| | bu d
020 ## - Международен стандартен номер на книга ISBN
ISBN 9789546265067
040 ## - Източник на каталожния запис
Код на библиотеката BLK
041 ## - Код за език
Език Български
Език за КДБФ Български
080 ## - УДК
9 (RLIN) 236197
УДК текст Парапсихология. Нумерология. - Халюцинации, пророчества, предсказания, магии, демонология, телепатия, спиритизъм, илюзии, нумерология, мошеничество. Вж и 133 ; 398.4 ; 615.851
УДК код 159.961
УДК – код + определител 159.96 1
084 ## - Класификационен индекс по друга класификация
Авторски знак Ван - В 19
100 ## - Редна дума - Автор
R(LIN) 268403
Автор Ван Прааг, Джеймс
245 ## - Сведения за заглавието
Заглавие Мъдрост от вашите духовни водачи
Подзаглавни данни ръководство за връзка с Великите учители на вашата душа
Авторска отговорност Джеймс Ван Прааг ; прев. от англ. Светлана Николова
260 ## - Област на издателските данни
9 (RLIN) 209626
Място на издаване София
Име на издателя Аратрон
Година на издаване 2019
Печатница София: Монт
300 ## - Физическа характеристика
Брой страници 204 с.
Размер 20 см
380 ## - Жанр
Жанр Философия
500 ## - Общи забележки
Обща забележка Ориг. загл.: Wisdom from your spirit guides / James Van Praag. - За автора: с. 203-204
650 #7 - Допълнително описание по предмет – тема
9 (RLIN) 165687
Предметна рубрика Парапсихология
653 ## - Ключова дума – ненормативна
9 (RLIN) 196049
Ключови думи самоусъвършенстване
700 1# - Други автори (авторска отговорност)
Друг автор Николова, Светлана Михайлова
9 (RLIN) 103313
852 ## - Местоположение
Сигнатура (форматна) Цб 319430
Отдел Хранилище
856 ## - Електронен адрес и достъп
Инструкция (цена за достъп) 0.00
Права за достъп disable
942 ## - АРТИКУЛИ
Вид на библиотечния документ Книги
Скрит в OPAC Не
Koha issues (borrowed), all copies 3
944 ## - СЪЗДАВАНЕ И РЕДАКЦИЯ на ЗАПИСА
Създаване/Редакция
Дата на регистрацията/редакция Геновева Генчева
Служител, извършил регистрацията/редакцията 30531
Номер на служител Цветелина Шанова
999 ## - СИСТЕМНИ КОНТРОЛНИ НОМЕРА
Koha biblionumber 494191
Koha biblioitemnumber 494191
999 ## - СИСТЕМНИ КОНТРОЛНИ НОМЕРА
Koha biblioitemnumber 493599
Наличности
Код за отписване Код за изгубен артикул Източник на класификационната схема Код за повреда Коз за рестрикции Код за отдаване Артикулен № Име на библиотеката - собственик Име на библиотеката, в която се намира в момента Статус (Текущо местоположение) Дата на вписване в системата Местоположение - отдел Цена в лева Инвентарен номер Систематично азбучна сигнатура Баркод Цена в евро Служебен тип на артикула
  Не е изгубен Universal Decimal Classification Не е повреден само за читалня ползва се в читалня 932733 Регионална библиотека "Любен Каравелов" Русе Регионална библиотека "Любен Каравелов" Русе Хранилище 2023-08-15 Хранилище 12.00 120000891877 Цб 319430 120000891877 6.14 Книги
  Не е изгубен Universal Decimal Classification Не е повреден   заемане за дома 940163 Регионална библиотека "Любен Каравелов" Русе Регионална библиотека "Любен Каравелов" Русе Заемна - подръчен фонд 2024-02-12 Заемна - подръчен фонд 12.00 120000899191 159.961/В 19 Д 120000899191 6.14 Книги
Vip Innovations Ltd, Rousse, Bulgaria 2025